Statistics for Countries whose capital is not their largest city

Click here to take the quiz!

General Stats

  • This quiz has been taken 135 times
    (102 since last reset)
  • The average score is 17 of 35

Answer Stats

Answer% Correct
United States
92%
Canada
84%
Australia
83%
China
83%
South Africa
82%
Brazil
80%
India
78%
New Zealand
76%
Nigeria
74%
Turkey
70%
Vietnam
64%
Pakistan
63%
Morocco
60%
Switzerland
59%
United Arab Emirates
52%
Tanzania
51%
Bolivia
50%
Kazakhstan
49%
Myanmar
49%
Sri Lanka
47%
Burundi
36%
Ecuador
35%
Belize
34%
San Marino
34%
Liechtenstein
33%
Côte d'Ivoire
30%
Palau
30%
Malta
28%
Benin
27%
Cameroon
23%
(Federated States of) Micronesia
23%
Philippines
23%
Taiwan
19%
Trinidad and Tobago
13%
Equatorial Guinea
11%

Score Distribution

Percentile by Number Answered

Percent of People with Each Score

Your Score History

You have not taken this quiz since the last reset